Oceňovanie práv duševného vlastníctva a ich vykazovanie v účtovnej závierke diplomová práca

Salvato in:
Dettagli Bibliografici
Autore principale: Melišková, Jana
Ente Autore: Fakulta hospodárskej informatiky EU. Katedra účtovníctva a audítorstva
Altri autori: Borbélyová, Tímea
Natura: Libro
Lingua:slovacco
Pubblicazione: Bratislava 2013
Tags: Aggiungi Tag
Nessun Tag, puoi essere il primo ad aggiungerne!!

MARC

LEADER 00000nbm a2200000 4500
001 0171426
005 20161109102431.0
041 0 |a slo 
044 |a SK 
245 1 0 |a Oceňovanie práv duševného vlastníctva a ich vykazovanie v účtovnej závierke  |b diplomová práca  |c Jana Melišková ; školiteľ: Tímea Borbélyová 
264 1 |a Bratislava  |c 2013 
300 |a 82 s. 
100 1 |a Melišková, Jana 
700 1 |a Borbélyová, Tímea 
710 2 |a Fakulta hospodárskej informatiky EU. Katedra účtovníctva a audítorstva